Statistiken für Schnelles Schreiben auf 100

Klicken Sie hier um das Quiz zu spielen!

Allgemein

  • Dieses Quiz wurde 705 mal gespielt
  • Das Durchschnittsergebnis liegt bei 72 aus 100

Antwortstatistiken

#% Korrekt
1
100%
2
98%
3
97%
4
97%
5
97%
6
97%
7
97%
9
97%
8
96%
12
94%
16
94%
10
93%
14
93%
15
93%
11
92%
13
92%
17
92%
18
92%
19
92%
21
91%
20
90%
22
90%
23
90%
24
90%
25
90%
26
90%
28
89%
27
88%
29
88%
31
88%
30
87%
32
86%
35
86%
34
85%
36
85%
37
85%
38
84%
39
84%
33
83%
40
83%
41
82%
45
81%
42
80%
43
80%
44
80%
46
80%
48
79%
49
79%
50
79%
47
78%
51
76%
52
76%
55
76%
53
75%
54
75%
56
74%
58
74%
60
74%
57
73%
59
73%
61
69%
62
69%
64
67%
63
66%
65
65%
66
65%
67
64%
68
62%
69
62%
70
61%
72
59%
74
58%
71
57%
73
57%
75
57%
76
56%
77
54%
78
52%
80
51%
79
50%
82
47%
81
46%
83
45%
84
45%
85
44%
86
43%
88
42%
90
42%
87
40%
89
39%
91
38%
92
37%
93
37%
99
37%
95
36%
96
36%
94
35%
97
34%
98
34%
100
32%

Verteilung der Resultate

Perzentil nach korrekt beantworteten Fragen

Anzahl Personen mit jedem Resultat

Ihre Resultats-Entwicklung

Sie haben dieses Quiz noch nicht gespielt